droit de la famille (arrêts, lois, décisions) - Statistiques

Statistiques générales
  • Ce quiz a été pris 116 fois
  • Le résultat moyen est 2 sur 5
Statistiques - réponses
Hint Réponse % Correct
17 mai 2013 légalisation du mariage homosexuel
84%
24 avril 1862 arrêt Berthon
47%
13 avril 1963 arrêt hôtesse de l'air (CA Paris)
45%
13 août 1993 liberté du mariage (principe constitutionnel)
40%
19 mai 1978 arrêt Sainte Marthe
30%
Aucun quiz correspondant
Distribution des résultats
% des personnes avec chaque résultat
Percentile par nombre de réponses
Votre historique - résultats
Vous n’avez pas pris ce quiz